LIBRARY ONLINE CATALOGUE

Object-oriented analysis and design with applications / (Record no. 114)

MARC details
000 -LEADER
fixed length control field 00643cam a22002052 4500
001 - CONTROL NUMBER
control field 0000000252
005 - DATE AND TIME OF LATEST TRANSACTION
control field 20151021151042.0
008 - FIXED-LENGTH DATA ELEMENTS--GENERAL INFORMATION
fixed length control field 070117s xx 000 0 eng d
020 ## - INTERNATIONAL STANDARD BOOK NUMBER
International Standard Book Number 8178081563 :
Terms of availability KES 2,700
040 ## - CATALOGING SOURCE
Original cataloging agency KABU
Transcribing agency KABU
100 1# - MAIN ENTRY--PERSONAL NAME
Personal name Booch, Grady.
-- 0000148341
245 10 - TITLE STATEMENT
Title Object-oriented analysis and design with applications /
Statement of responsibility, etc. Grady Booch.
250 ## - EDITION STATEMENT
Edition statement 2nd ed.
260 ## - PUBLICATION, DISTRIBUTION, ETC. (IMPRINT)
Place of publication, distribution, etc. Delhi :
Name of publisher, distributor, etc. Pearson Educ.,
Date of publication, distribution, etc. 2000.
300 ## - PHYSICAL DESCRIPTION
Extent xvi, 589 p.
650 #0 - SUBJECT ADDED ENTRY--TOPICAL TERM
Topical term or geographic name as entry element Object oriented programming (Computer science)
-- 0000148166
908 ## - PUT COMMAND PARAMETER (RLIN)
Put command parameter 070117
950 ## - LOCAL HOLDINGS (RLIN)
-- 1
Holdings
Withdrawn status Lost status Source of classification or shelving scheme Not for loan Home library Current library Date acquired Total Checkouts Full call number Barcode Date last seen Date last checked out Price effective from Koha item type
    Library of Congress Classification   Kabarak, Nakuru City Campus Kabarak, Nakuru City Campus 21/10/2015 4 QA76.64 .B66 2000 005559 03/03/2020 19/02/2020 21/10/2015 General Collection